000 01211cam a2200181 4500
001 L130694
008 050824n 000 0 eng u
035 _a(Sirsi) u130694
041 _aeng
110 _aDepartment for Environment, Food and Rural Affairs
_94094
245 _aNoise mapping England
520 _aThis DEFRA website presents progress on the National Ambient Noise Strategy (NANS) due to be developed by 2007. NANS was originally proposed in the Rural White Paper 2000. The Noise Mapping Project England project is part of the first stage of NANS and aims to gather information on the ambient noise climate in England. Its objectives are to calculate noise levels and produce noise maps across England, to use the information to help develop NANS and to gain knowledge to assist in the implementation of the European Noise directive. The website also links to the London Road Traffic Noise map
590 _aIKA300805
650 _aDIRECTIVE 2003/10/EC
690 _aENVIRONMENTAL AND LAND CONSULTANCY-ENVIRONMENTAL MANAGEMENT-ENVIRONMENTAL ASSESSMENT-ENVIRONMENTAL AUDITING
856 4 0 _uhttps://www.noisemapping.org
_zView the website free of charge at www.noisemapping.org...
942 _n0
999 _c120465
_d120465